Caracterización de la población con discapacidad diagnosticada por las comisiones de medicina preventiva e invalidez en Chile

Saved in:
Bibliographic Details
Corporate Author: MIDEPLAN (Author)
Format: Book
Language:Spanish
Published: Santiago MIDEPLAN 1999
Subjects:
Tags: Add Tag
No Tags, Be the first to tag this record!

MARC

LEADER 00000nam a2200000 a 4500
001 UCO6243
003 CL-VaPUC
008 001020e19990000CL |||||||||||||||||spa|d
082 0 4 |a 344.021  |b MID  |2 21 
110 2 |a MIDEPLAN  |e author  |9 450976 
245 1 0 |a Caracterización de la población con discapacidad diagnosticada por las comisiones de medicina preventiva e invalidez en Chile 
300 |a 106 p 
942 |c BK 
945 |d 20001020 00:00:00  |a rbrito 
260 |a Santiago  |b MIDEPLAN  |c 1999 
600 0 7 |a COMPIN  |2 CL-VaPUC  |9 450977 
650 0 |a Medicina preventiva  |9 271222 
650 0 |a Discapacidad  |9 374444 
650 0 |a Integración social  |9 319662 
650 0 |a Política social  |9 257588 
583 |a last modification  |c 20001020 00:00:00  |k Rodrigo Vera 
999 |c 291901  |d 291899 
952 |0 0  |1 0  |4 0  |6 344_021000000000000_MID_1999  |7 0  |8 A  |9 342210  |a BIBGIM  |b BIBGIM  |d 2019-11-20  |i 3599191  |o 344.021 MID 1999  |p 3599191  |r 2025-01-15  |w 2019-11-20  |y BK  |k GIM 
952 |0 0  |1 0  |4 0  |6 344_021000000000000_MID_1999  |7 0  |8 A  |9 342211  |a BIBEDU  |b BIBEDU  |d 2019-11-20  |i 3611574  |o 344.021 MID 1999  |p 3611574  |r 2019-11-20  |w 2019-11-20  |y BK  |k BME 
952 |0 0  |1 0  |4 0  |6 344_021000000000000_MID_1999  |7 0  |8 A  |9 342212  |a BIBGIM  |b BIBGIM  |d 2019-11-20  |i 3622304  |o 344.021 MID 1999  |p 3622304  |r 2025-01-15  |w 2019-11-20  |y BK  |k GIM